[Event "Gibraltar Masters"]
[Site "Caleta ENG"]
[Date "2011.01.27"]
[Round "3.64"]
[White "Compton, Alistair"]
[Black "Monroy, Charles"]
[Result "1/2-1/2"]
[BlackTitle "IM"]
[WhiteElo "2046"]
[BlackElo "2421"]
[WhiteFideId "4300645"]
[BlackFideId "621641"]
[EventDate "2011.01.25"]
[EventType "swiss"]

1. e4 c6 2. d4 d5 3. exd5 cxd5 4. c4 Nf6 5. Nc3 g6 6. Qb3 Bg7 7. cxd5 O-O 8.
Nge2 Nbd7 9. g3 Ne8 10. Bg2 Nd6 11. O-O Nf6 12. Bf4 a6 13. a4 b6 14. Na2 Bf5 15.
Nb4 Be4 16. Nc3 Bxg2 17. Kxg2 Qd7 18. Rfe1 Nf5 19. Be5 h5 20. h3 Rfc8 21. Rad1
Qb7 22. Kh2 Rd8 23. Bxf6 Bxf6 24. Nc6 Re8 25. Ne4 Bg7 26. Re2 Rac8 27. Nc5 Qc7
28. Nxa6 Qd6 29. Nab4 h4 30. Kg2 hxg3 31. fxg3 Bf6 32. Qf3 Nxd4 33. Nxd4 Qxb4
34. Nc6 Qxa4 35. Rf1 Rc7 36. g4 Rf8 37. Rfe1 Qb5 38. b4 Rd7 39. Nxe7+ Bxe7 40.
Rxe7 Rxe7 41. Rxe7 Qxb4 42. Qe3 Qb5 43. Qe5 Rd8 44. Rxf7 1/2-1/2

[Event "Gibraltar Masters"]
[Site "Caleta ENG"]
[Date "2011.01.27"]
[Round "3.65"]
[White "Vaibhav, Suri"]
[Black "Jameson, David"]
[Result "1-0"]
[WhiteTitle "IM"]
[WhiteElo "2421"]
[BlackElo "2054"]
[WhiteFideId "5045185"]
[BlackFideId "1801538"]
[EventDate "2011.01.25"]
[EventType "swiss"]

1. e4 e5 2. Nf3 Nc6 3. Bb5 a6 4. Ba4 Nf6 5. O-O Nxe4 6. d4 b5 7. Bb3 d5 8. dxe5
Be6 9. Nbd2 Nc5 10. c3 d4 11. Bxe6 Nxe6 12. cxd4 Ncxd4 13. a4 Bb4 14. axb5 Nxb5
15. Qa4 Bxd2 16. Bxd2 O-O 17. Rfd1 c5 18. Be3 Qe7 19. Rac1 Rfe8 20. Qg4 Ned4 21.
Nxd4 Nxd4 22. b4 Nc6 23. f4 Nxb4 24. Bxc5 Qb7 25. f5 Na2 26. f6 g6 27. Qf4 Kh8
28. Qh6 Rg8 29. Rd3 Qb2 30. Qxh7+ 1-0

[Event "Gibraltar Masters"]
[Site "Caleta ENG"]
[Date "2011.01.27"]
[Round "3.66"]
[White "Wilson, Alexandra"]
[Black "Peek, Marcel"]
[Result "0-1"]
[WhiteTitle "WFM"]
[BlackTitle "IM"]
[WhiteElo "2037"]
[BlackElo "2342"]
[WhiteFideId "411000"]
[BlackFideId "1000462"]
[EventDate "2011.01.25"]
[EventType "swiss"]

1. e4 c5 2. Nc3 Nc6 3. f4 g6 4. Bb5 Nd4 5. Nf3 Bg7 6. O-O Nxb5 7. Nxb5 d5 8. d3
a6 9. Nc3 dxe4 10. Nxe4 Nh6 11. Kh1 Qc7 12. Qe1 O-O 13. Nh4 b6 14. Ng3 e6 15.
Nf3 Nf5 16. Ne4 Bb7 17. Bd2 Rad8 18. Bc3 Nd4 19. Qh4 f6 20. Nxd4 cxd4 21. Bb4
Rf7 22. Rac1 Bxe4 23. dxe4 Qc4 24. a3 a5 25. Bd2 d3 26. cxd3 Qxd3 27. Bc3 Qxe4
28. Rce1 Qc6 29. Rf3 Rd6 30. Rfe3 f5 31. Bxg7 Kxg7 32. Rh3 Kg8 33. Rc3 Qb7 34.
Rce3 Qe7 35. Qf2 Rf8 36. Rb3 Qd8 37. h3 Re8 38. Rb5 Re7 39. Qe3 Kf7 40. Kh2 Red7
41. Re2 Rc6 42. Qf3 Qc7 43. Rbe5 Rdd6 44. g4 Rc2 45. Qb3 Rxe2+ 46. Rxe2 Rd5 47.
Kg3 Qd6 48. Qf3 g5 49. gxf5 Rd3 50. Re3 gxf4+ 51. Kh4 Qe7+ 52. Kh5 Rxe3 53.
fxe6+ Qxe6 54. Qxf4+ Kg7 55. Qd4+ Qe5+ 0-1

[Event "Gibraltar Masters"]
[Site "Caleta ENG"]
[Date "2011.01.27"]
[Round "3.67"]
[White "Getz, Nicolai"]
[Black "Becking, Franz Josef"]
[Result "1-0"]
[WhiteTitle "FM"]
[WhiteElo "2334"]
[BlackElo "2029"]
[WhiteFideId "1505572"]
[BlackFideId "4632540"]
[EventDate "2011.01.25"]
[EventType "swiss"]

1. e4 e6 2. d4 d5 3. Nc3 Nf6 4. e5 Nfd7 5. f4 c5 6. Nf3 Nc6 7. Be3 Qb6 8. Na4
Qa5+ 9. c3 cxd4 10. b4 Qc7 11. Nxd4 a6 12. Rc1 b5 13. Nb2 Nb6 14. Be2 Bb7 15.
O-O Nc4 16. Nxc4 dxc4 17. a4 Rd8 18. axb5 Nxd4 19. Bxd4 axb5 20. Ra1 Be7 21. Ra5
Bc5 22. Bxc5 Rxd1 23. Rxd1 f6 24. exf6 g6 25. f5 Qe5 26. fxe6 Qxe6 27. Bf1 Kf7
28. Rd6 Qc8 29. Rxb5 Re8 30. Bxc4+ Kf8 31. Rc6+ 1-0

[Event "Gibraltar Masters"]
[Site "Caleta ENG"]
[Date "2011.01.27"]
[Round "3.68"]
[White "Haga, Halvor"]
[Black "Kolbus, Dietmar"]
[Result "0-1"]
[BlackTitle "IM"]
[WhiteElo "2024"]
[BlackElo "2332"]
[WhiteFideId "1507532"]
[BlackFideId "4610628"]
[EventDate "2011.01.25"]
[EventType "swiss"]

1. e4 c5 2. Nf3 d6 3. g3 Nf6 4. d3 g6 5. Bg2 Bg7 6. O-O Nc6 7. c3 O-O 8. Re1 e5
9. Nbd2 b6 10. b3 Bb7 11. Bb2 Qc7 12. Nh4 Rad8 13. Qe2 d5 14. a3 d4 15. c4 a6
16. Rab1 Rfe8 17. Bc1 Qe7 18. Bh3 Bc8 19. Bxc8 Rxc8 20. Ng2 Bh6 21. f4 exf4 22.
gxf4 Nh5 23. Qg4 Qf8 24. Nf3 f5 25. Qh4 fxe4 26. dxe4 Qe7 27. Qh3 Rcd8 28. f5
Bxc1 29. Rbxc1 Ne5 30. fxg6 hxg6 31. Nxe5 Qxe5 32. Qg4 Rd6 33. Nh4 Qf4 34. Qxf4
Nxf4 35. e5 Rde6 36. Re4 Nd3 37. Rd1 Nxe5 38. Rde1 Nf3+ 39. Nxf3 Rxe4 40. Rxe4
Rxe4 0-1

[Event "Gibraltar Masters"]
[Site "Caleta ENG"]
[Date "2011.01.27"]
[Round "3.69"]
[White "Dittmar, Peter"]
[Black "Memarian, Milad"]
[Result "1-0"]
[WhiteTitle "FM"]
[WhiteElo "2328"]
[BlackElo "2028"]
[WhiteFideId "4602064"]
[BlackFideId "12503193"]
[EventDate "2011.01.25"]
[EventType "swiss"]

1. c4 e5 2. g3 Nf6 3. Bg2 d5 4. cxd5 Nxd5 5. Nf3 Nc6 6. O-O Be7 7. d4 exd4 8.
Nxd4 Nxd4 9. Qxd4 Nf6 10. Qa4+ Qd7 11. Qc2 c6 12. Rd1 Qe6 13. Nc3 O-O 14. Bf4
Bd7 15. Rd3 Rfe8 16. Rad1 Rad8 17. Bc7 Rc8 18. Bd6 Bxd6 19. Rxd6 Qe7 20. e4 Rcd8
21. Qd2 Qe5 22. f4 Qc5+ 23. Qd4 Qxd4+ 24. R6xd4 Re7 25. e5 Ng4 26. Bh3 h5 27.
Bxg4 hxg4 28. f5 Kf8 29. f6 1-0

[Event "Gibraltar Masters"]
[Site "Caleta ENG"]
[Date "2011.01.27"]
[Round "3.70"]
[White "Tate, Alan"]
[Black "Zanetti, Bruno"]
[Result "1-0"]
[WhiteElo "2292"]
[BlackElo "2017"]
[WhiteFideId "2401878"]
[BlackFideId "1306669"]
[EventDate "2011.01.25"]
[EventType "swiss"]

1. e4 c5 2. Nf3 Nc6 3. d4 cxd4 4. Nxd4 e5 5. Nb5 d6 6. N1c3 a6 7. Na3 Nf6 8. Bg5
Be6 9. Nc4 Nd4 10. Nd5 Bxd5 11. exd5 Be7 12. c3 Nb5 13. Be3 O-O 14. a4 Nc7 15.
Nb6 Rb8 16. a5 Nd7 17. Be2 f5 18. O-O f4 19. Nxd7 Qxd7 20. Bg4 Qe8 21. Bb6 Na8
22. Ba7 Rd8 23. Ra4 Qg6 24. Qf3 Rf6 25. Rb4 Rdf8 26. Re1 Bd8 27. Rxb7 Bxa5 28.
b4 Bd8 29. c4 Kh8 30. h3 Qe8 31. c5 R6f7 32. c6 Nc7 33. Bb8 Nb5 34. Bd7 Qe7 35.
Be6 Nd4 36. Qg4 Qf6 37. Bxf7 Rxf7 38. Rxf7 1-0

[Event "Gibraltar Masters"]
[Site "Caleta ENG"]
[Date "2011.01.27"]
[Round "3.71"]
[White "Lochte, Szilvia"]
[Black "Nikolaidis, Konstantinos"]
[Result "0-1"]
[BlackTitle "FM"]
[WhiteElo "2015"]
[BlackElo "2284"]
[WhiteFideId "708410"]
[BlackFideId "4200578"]
[EventDate "2011.01.25"]
[EventType "swiss"]

1. e4 c6 2. d4 d5 3. e5 Bf5 4. Nc3 e6 5. g4 Bg6 6. Nge2 c5 7. h4 h5 8. Nf4 Bh7
9. gxh5 Nc6 10. Be3 Nh6 11. dxc5 d4 12. Nb5 0-1

[Event "Gibraltar Masters"]
[Site "Caleta ENG"]
[Date "2011.01.27"]
[Round "3.72"]
[White "Fomani, Medhi"]
[Black "Montero Melendez, Rafael"]
[Result "1-0"]
[WhiteElo "2013"]
[BlackElo "2265"]
[WhiteFideId "2259435"]
[BlackFideId "2221772"]
[EventDate "2011.01.25"]
[EventType "swiss"]

1. d4 Nf6 2. Bg5 e6 3. e4 h6 4. Bxf6 Qxf6 5. Nc3 Bb4 6. Qd2 d6 7. Nge2 Nd7 8. f4
e5 9. O-O-O O-O 10. Qe3 exf4 11. Nxf4 Bxc3 12. bxc3 Nb6 13. Bd3 Re8 14. Rdf1 Qg5
15. h4 Qa5 16. Qf3 Na4 17. Nh5 f5 18. Qg3 Re7 19. Qg6 Kf8 20. Rxf5+ Bxf5 21. Rf1
Rf7 22. Rxf5 Rxf5 23. Qxg7+ Ke8 24. exf5 Kd8 25. Qg8+ Ke7 26. Qe6+ Kf8 1-0

[Event "Gibraltar Masters"]
[Site "Caleta ENG"]
[Date "2011.01.27"]
[Round "3.73"]
[White "Sanchez, Louis"]
[Black "Spanton, Tim R"]
[Result "1-0"]
[WhiteTitle "FM"]
[WhiteElo "2262"]
[BlackElo "2007"]
[WhiteFideId "624225"]
[BlackFideId "404802"]
[EventDate "2011.01.25"]
[EventType "swiss"]

1. b3 d5 2. Bb2 Nf6 3. e3 Bf5 4. f4 Nbd7 5. Nf3 e6 6. Nc3 c6 7. Ne2 h6 8. Ng3
Bh7 9. Ne5 Nxe5 10. fxe5 Nd7 11. Bd3 Bxd3 12. cxd3 Qg5 13. Qh5 Be7 14. Ke2 O-O
15. Rhf1 a5 16. Rf4 Qxh5+ 17. Nxh5 g6 18. Ng3 f6 19. exf6 Bxf6 20. Bxf6 Rxf6 21.
Rxf6 Nxf6 22. d4 Kf7 23. Rf1 Ke7 24. Rf4 b5 25. a3 Rc8 26. Kd3 h5 27. h4 c5 28.
dxc5 e5 29. Rf2 Rxc5 30. e4 d4 31. Rf1 Rc6 32. Ne2 Nd7 33. b4 a4 34. Ng1 Nb6 35.
Nf3 Nc4 36. Ra1 Rf6 37. Ke2 Kd6 38. d3 Ne3 39. g3 Nc2 40. Ra2 Ne3 41. Ra1 Nc2
42. Rc1 Nxa3 43. Ne1 Rf7 44. Ra1 Nc4 45. dxc4 bxc4 46. Rxa4 d3+ 47. Ke3 Rf1 48.
Ra6+ Kc7 49. Ra1 Kb6 50. Rc1 Rg1 51. Kd2 Kb5 52. Nf3 Rxg3 53. Nxe5 Rg2+ 54. Kc3
g5 55. hxg5 h4 56. Nxc4 Rc2+ 57. Rxc2 dxc2 58. Kxc2 h3 59. Nd6+ 1-0

[Event "Gibraltar Masters"]
[Site "Caleta ENG"]
[Date "2011.01.27"]
[Round "3.74"]
[White "Chapman, Terry P D"]
[Black "Knudsen, Jes West"]
[Result "1/2-1/2"]
[WhiteElo "2250"]
[BlackElo "2000"]
[WhiteFideId "413399"]
[BlackFideId "1405985"]
[EventDate "2011.01.25"]
[EventType "swiss"]

1. d4 f5 2. Nc3 d5 3. Bf4 a6 4. Nf3 Nf6 5. e3 Nc6 6. Bd3 Nh5 7. Be5 Nxe5 8. Nxe5
g6 9. Qf3 Nf6 10. h3 Qd6 11. g4 e6 12. g5 Nd7 13. Nxd7 Bxd7 14. Kf1 Be7 15. h4
O-O-O 16. Ne2 e5 17. dxe5 Qxe5 18. c3 c5 19. Rg1 Bc6 20. Qg3 Bd6 21. Qxe5 Bxe5
22. Rd1 Rhe8 23. b4 Ba4 24. Rc1 c4 25. Bb1 Bd7 26. h5 Re7 27. Rh1 Be8 28. hxg6
hxg6 29. Rd1 Bf7 30. Kg2 Rde8 31. Rh3 Bg7 32. Nd4 Bg8 33. Kf3 Kc7 34. Rh4 b5 35.
Bc2 Kb6 36. Ra1 Ra8 37. a4 Rea7 38. Rhh1 bxa4 39. Rhb1 Rf8 40. Ne2 Be5 41. Rxa4
Be6 42. Ra5 Bf7 43. Rh1 Rh8 44. Rxh8 Bxh8 45. Nd4 Rd7 46. Ra1 Bg7 47. Rh1 Bg8
48. Ba4 Re7 49. Rh4 Re4 50. Rxe4 dxe4+ 51. Ke2 Bf7 52. f3 exf3+ 53. Kxf3 a5 54.
bxa5+ Kxa5 55. Bd7 Kb6 56. e4 fxe4+ 57. Kxe4 Kc7 58. Be6 Bxd4 59. Bxf7 Bxc3 60.
Bxc4 Bd2 61. Bf7 Bxg5 62. Bxg6 1/2-1/2

[Event "Gibraltar Masters"]
[Site "Caleta ENG"]
[Date "2011.01.27"]
[Round "3.76"]
[White "Bauder, Herbert"]
[Black "Vogel, Jaap"]
[Result "0-1"]
[BlackTitle "FM"]
[WhiteElo "2005"]
[BlackElo "2207"]
[WhiteFideId "4685431"]
[BlackFideId "1000764"]
[EventDate "2011.01.25"]
[EventType "swiss"]

1. d4 e6 2. c4 f5 3. Nf3 Nf6 4. g3 c6 5. Bg2 d5 6. O-O Bd6 7. Bf4 Bxf4 8. gxf4
O-O 9. Nbd2 Ne4 10. e3 Bd7 11. Ne5 Nxd2 12. Qxd2 Be8 13. Rac1 Qe7 14. b4 a6 15.
f3 Nd7 16. Nxd7 Qxd7 17. Rf2 Qe7 18. Bf1 Kh8 19. Rg2 Rg8 20. Kh1 Bh5 21. Be2 g5
22. fxg5 Rxg5 23. Rxg5 Qxg5 24. Rg1 Qh4 25. c5 Qf2 26. Rg2 Bxf3 27. Bxf3 Qxf3
28. Qf2 Qxf2 29. Rxf2 Kg7 30. Kg2 Kf6 31. Kf3 Rg8 32. a4 e5 33. dxe5+ Kxe5 34.
Rb2 Rg4 35. b5 axb5 36. axb5 Rc4 37. bxc6 bxc6 38. Rb7 h5 39. Rh7 Rc3 40. Rxh5
d4 41. Rh6 Rxe3+ 42. Kf2 Kd5 43. h4 Kxc5 44. h5 Re8 45. Rh7 Kc4 46. h6 c5 47.
Rg7 Re6 48. h7 Rh6 49. Rc7 d3 50. Ke3 Rh3+ 51. Kd2 f4 52. Rf7 Rh2+ 53. Ke1 Kc3
54. Rd7 c4 0-1

[Event "Gibraltar Masters"]
[Site "Caleta ENG"]
[Date "2011.01.27"]
[Round "3.77"]
[White "Jaunooby, Ali R"]
[Black "Cebada Benitez, Fernando"]
[Result "1-0"]
[WhiteElo "2207"]
[BlackElo "1997"]
[WhiteFideId "413291"]
[BlackFideId "2224674"]
[EventDate "2011.01.25"]
[EventType "swiss"]

1. d4 Nf6 2. c4 e6 3. Nc3 Bb4 4. Bg5 h6 5. Bh4 Bxc3+ 6. bxc3 c5 7. d5 d6 8. f3
e5 9. e4 Nbd7 10. Bf2 Nf8 11. g3 g5 12. Bd3 Ng6 13. Be3 Qe7 14. h3 Nh5 15. Bf2
Ng7 16. Ne2 O-O 17. g4 Qf6 18. Ng3 Nf4 19. Nf5 Bxf5 20. gxf5 Rfe8 21. Qd2 Ngh5
22. Bf1 Qg7 23. h4 f6 24. hxg5 hxg5 25. Be3 Kf7 26. Rb1 b6 27. Rg1 Rh8 28. Qc2
Qf8 29. a4 Qe7 30. a5 bxa5 31. Rb5 Rhb8 32. Rh1 a6 33. Rxb8 Rxb8 34. Bxf4 1-0

[Event "Gibraltar Masters"]
[Site "Caleta ENG"]
[Date "2011.01.27"]
[Round "3.78"]
[White "Valgmae, Toomas"]
[Black "Marder, Simon"]
[Result "1-0"]
[WhiteElo "2190"]
[BlackElo "1990"]
[WhiteFideId "4502523"]
[BlackFideId "1704540"]
[EventDate "2011.01.25"]
[EventType "swiss"]

1. d4 d5 2. c4 Nc6 3. Nf3 Bg4 4. cxd5 Bxf3 5. gxf3 Qxd5 6. e3 e5 7. Nc3 Bb4 8.
Bd2 Bxc3 9. bxc3 Nf6 10. Bg2 exd4 11. cxd4 Nxd4 12. exd4 Qxd4 13. Qe2+ Kf8 14.
O-O h6 15. Rac1 c6 16. Rfd1 Re8 17. Be3 Qa4 18. Qb2 b6 19. Rd4 Qb5 20. Qxb5 cxb5
21. Rc7 Re7 22. Rd8+ Ne8 23. Rcc8 f5 24. f4 Kf7 25. Bd5+ Kg6 26. Bc6 Kf7 27.
Bxb5 Re4 28. Bd3 Ra4 29. Rxe8 1-0

[Event "Gibraltar Masters"]
[Site "Caleta ENG"]
[Date "2011.01.27"]
[Round "3.79"]
[White "Aerni, Andi"]
[Black "Costello, Colin A"]
[Result "1-0"]
[WhiteElo "2182"]
[BlackElo "1975"]
[WhiteFideId "1313185"]
[BlackFideId "403580"]
[EventDate "2011.01.25"]
[EventType "swiss"]

1. e4 e5 2. Nf3 Nc6 3. Nc3 Nf6 4. d4 exd4 5. Nxd4 Bb4 6. Nxc6 bxc6 7. Bd3 d5 8.
exd5 cxd5 9. O-O O-O 10. Bg5 c6 11. Ne2 Bg4 12. c3 Be7 13. Qc2 h6 14. Bh4 Re8
15. f3 Bd7 16. Rad1 Rb8 17. Bf2 Qc7 18. Bg3 Bd6 19. Bxd6 Qxd6 20. Kh1 Re7 21. c4
Rbe8 22. c5 Qc7 23. Nd4 Nh5 24. Qd2 Nf4 25. Ba6 Qe5 26. g3 Ng6 27. b4 Qc7 28.
Rfe1 Ne5 29. f4 Ng4 30. Rxe7 Rxe7 31. Re1 Qd8 32. b5 Qe8 33. Rxe7 Qxe7 34. bxc6
Qe4+ 35. Kg1 Qb1+ 36. Bf1 Bc8 37. Qd3 Qxd3 38. Bxd3 Kf8 39. Bf5 Bxf5 40. Nxf5
Nf6 41. c7 1-0

[Event "Gibraltar Masters"]
[Site "Caleta ENG"]
[Date "2011.01.27"]
[Round "3.80"]
[White "Shepherd, Michael"]
[Black "Lacrosse, Marc"]
[Result "0-1"]
[BlackTitle "FM"]
[WhiteElo "1999"]
[BlackElo "2181"]
[WhiteFideId "2401444"]
[BlackFideId "200921"]
[EventDate "2011.01.25"]
[EventType "swiss"]

1. d4 d5 2. c4 e6 3. Nc3 Nf6 4. Bg5 Nbd7 5. cxd5 exd5 6. e3 c6 7. Bd3 Be7 8. Qc2
O-O 9. Nf3 Re8 10. h3 Ne4 11. Bf4 Ndf6 12. O-O Bd6 13. Bxd6 Nxd6 14. b4 a6 15.
a4 g6 16. b5 cxb5 17. axb5 a5 18. Qb3 Kg7 19. Ne5 Be6 20. Rfc1 Nfe4 21. Rc2 Rc8
22. Rac1 Qh4 23. Qa2 b6 24. Na4 Nxf2 25. Rxc8 Rxc8 26. Rxc8 Nxh3+ 27. gxh3 Nxc8
28. Qf2 Qxh3 29. Nc3 Nd6 30. Ne2 Ne4 31. Bxe4 dxe4 32. Nf4 Qf5 33. Nxe6+ Qxe6
34. Qf4 f6 35. Nc6 h5 36. Qc7+ Kh6 37. Qxb6 Qg4+ 38. Kf2 Qf3+ 39. Kg1 Qxe3+ 40.
Kh1 Qf3+ 41. Kg1 e3 42. d5 Qg3+ 43. Kh1 e2 0-1

[Event "Gibraltar Masters"]
[Site "Caleta ENG"]
[Date "2011.01.27"]
[Round "3.81"]
[White "Szuper, Paul"]
[Black "De Lillo, Michele"]
[Result "1-0"]
[WhiteElo "2174"]
[BlackElo "1964"]
[WhiteFideId "2026791"]
[BlackFideId "814504"]
[EventDate "2011.01.25"]
[EventType "swiss"]

1. d4 Nf6 2. c4 g6 3. Nc3 Bg7 4. e4 d6 5. Nf3 O-O 6. Be2 e5 7. Be3 Ng4 8. Bg5 f6
9. Bh4 Nc6 10. d5 Ne7 11. h3 Nh6 12. O-O f5 13. exf5 Nhxf5 14. Bg5 Nh6 15. Ne4
Bf5 16. Nfd2 Qe8 17. g4 Bxe4 18. Nxe4 Kh8 19. c5 Rd8 20. cxd6 cxd6 21. Rc1 Qd7
22. Qd2 Nhg8 23. Qa5 b6 24. Qb5 Nf6 25. Qxd7 Rxd7 26. Bxf6 Bxf6 27. Bb5 Rdd8 28.
Rfd1 Bh4 29. Kg2 g5 30. f3 Ng6 31. Rc6 Rf4 32. Rxd6 Rxd6 33. Nxd6 Rb4 34. b3
Nf4+ 35. Kh2 Rd4 36. Rxd4 exd4 37. Nf5 Nxd5 38. Nxd4 Nc3 39. a4 Bf2 40. Ne6 Nxb5
41. axb5 Be3 42. Kg2 Kg8 43. f4 gxf4 44. Kf3 Kf7 45. Nxf4 Bc1 46. Ke4 h6 47. Kf5
Bd2 48. h4 Bc3 49. g5 hxg5 50. hxg5 Bb2 51. g6+ Ke7 52. Nd5+ Kf8 53. Nb4 Ke7 54.
Nc6+ Kd6 55. Nxa7 Kc5 56. Ke6 1-0

[Event "Gibraltar Masters"]
[Site "Caleta ENG"]
[Date "2011.01.27"]
[Round "3.82"]
[White "Lochte, Thomas"]
[Black "Valhondo Morales, Ruben"]
[Result "1/2-1/2"]
[WhiteElo "2173"]
[BlackElo "1948"]
[WhiteFideId "4606272"]
[BlackFideId "22202692"]
[EventDate "2011.01.25"]
[EventType "swiss"]

1. e4 e5 2. d4 exd4 3. c3 d3 4. Bxd3 Nc6 5. Nf3 Bc5 6. b4 Bb6 7. a4 a5 8. b5
Nce7 9. Bc4 d5 10. Bxd5 Nf6 11. Ba3 Nexd5 12. exd5 Qxd5 13. O-O h6 14. Nbd2 Be6
15. Qe2 Nd7 16. c4 Qh5 17. Rfe1 Bc5 18. Qe4 O-O-O 19. Nb3 Bxa3 20. Rxa3 Nc5 21.
Nxc5 Qxc5 22. Rc3 Rd6 23. Qe5 Qxe5 24. Nxe5 Rhd8 25. h3 Rd2 26. c5 Rd1 27. Rxd1
Rxd1+ 28. Kh2 Rd4 29. Rg3 g5 30. Rf3 Rxa4 31. Nxf7 Bxf7 32. Rxf7 Rc4 33. Rf8+
Kd7 34. Rf7+ Kd8 35. Rf8+ Ke7 36. Rb8 Rxc5 37. Rxb7 Kd6 38. Kg3 a4 39. Kf3 Kd5
40. Ke3 Kc4 41. b6 cxb6 42. Rxb6 h5 43. Kd2 a3 44. Kc2 a2 45. Kb2 Rb5+ 46. Rxb5
Kxb5 47. h4 g4 48. Kxa2 Kc4 49. Kb2 Kd3 50. Kc1 Ke2 51. f4 gxf3 52. gxf3 Kxf3
53. Kd2 Kg3 54. Ke1 Kxh4 55. Kf1 1/2-1/2

[Event "Gibraltar Masters"]
[Site "Caleta ENG"]
[Date "2011.01.27"]
[Round "3.83"]
[White "Groffen, Hans"]
[Black "Henrichsen, Jens"]
[Result "1/2-1/2"]
[WhiteElo "2169"]
[BlackElo "1925"]
[WhiteFideId "1004140"]
[BlackFideId "1401858"]
[EventDate "2011.01.25"]
[EventType "swiss"]

1. d4 Nf6 2. c4 e6 3. Nf3 b6 4. g3 Ba6 5. Nbd2 Bb4 6. Qc2 Bb7 7. Bg2 O-O 8. O-O
Bxd2 9. Bxd2 Be4 10. Qb3 c5 11. dxc5 bxc5 12. Qa3 d6 13. Rfd1 Qc7 14. Bg5 Nbd7
15. Ne1 Bxg2 16. Nxg2 a5 17. Bf4 e5 18. Bg5 h6 19. Bxf6 Nxf6 20. Qd3 Rfd8 21. e4
Qb7 22. Ne3 Qxe4 23. Nf5 Qxd3 24. Rxd3 Ra6 25. Rad1 Ne8 26. Rd5 Rb8 27. R5d2 Kf8
28. b3 Rbb6 29. g4 a4 30. Rd3 axb3 31. axb3 f6 32. h4 Kf7 33. h5 Ke6 34. Ne3 Ra3
35. Rb1 Raa6 1/2-1/2

[Event "Gibraltar Masters"]
[Site "Caleta ENG"]
[Date "2011.01.27"]
[Round "3.84"]
[White "Khachatourian, Yerazik"]
[Black "Lasinskas, Povilas"]
[Result "0-1"]
[BlackTitle "FM"]
[WhiteElo "1996"]
[BlackElo "2164"]
[WhiteFideId "12501948"]
[BlackFideId "12800503"]
[EventDate "2011.01.25"]
[EventType "swiss"]

1. e4 e5 2. Bc4 d6 3. Nf3 c6 4. c3 Qc7 5. O-O Bg4 6. Re1 Nf6 7. d3 Be7 8. Nbd2
O-O 9. h3 Bh5 10. Bb3 Nbd7 11. Nf1 d5 12. Ng3 Bg6 13. Nh4 dxe4 14. dxe4 Nc5 15.
Nxg6 hxg6 16. Bc2 Rad8 17. Qf3 Rd7 18. Be3 Ne6 19. Rad1 Bc5 20. Bc1 a5 21. a3 b5
22. b4 Bb6 23. Bb3 c5 24. Bxe6 fxe6 25. Be3 axb4 26. axb4 cxb4 27. Bxb6 Qxb6 28.
cxb4 Nd5 29. Qxf8+ Kxf8 30. exd5 exd5 31. Rxe5 Qd6 32. Rg5 Qxb4 33. Rxg6 Qb3 34.
Rc1 d4 35. Nh5 Kg8 36. Rg3 d3 37. Nf6+ Kf7 38. Nxd7 d2 39. Ne5+ Ke6 40. Rc6+
Kxe5 41. Rxb3 d1=Q+ 42. Kh2 Qxb3 43. Rg6 Qf7 44. Rg5+ Qf5 45. Rxg7 Qxf2 46. Rg5+
Qf5 47. Rxf5+ Kxf5 48. Kg3 b4 49. Kh4 Kg6 50. g4 b3 51. Kg3 b2 52. h4 b1=Q 53.
Kf4 Qb4+ 54. Kg3 Qe4 0-1

[Event "Gibraltar Masters"]
[Site "Caleta ENG"]
[Date "2011.01.27"]
[Round "3.85"]
[White "Hauge, Lars Oskar"]
[Black "Becker, Thomas1"]
[Result "1/2-1/2"]
[WhiteElo "1942"]
[BlackElo "2031"]
[WhiteFideId "1509276"]
[BlackFideId "4624904"]
[EventDate "2011.01.25"]
[EventType "swiss"]

1. e4 c5 2. Nf3 e6 3. d4 cxd4 4. Nxd4 a6 5. Bd3 Nf6 6. c4 Nc6 7. Nxc6 bxc6 8.
O-O e5 9. Nc3 Be7 10. Qe2 O-O 11. b3 d6 12. h3 Nd7 13. Be3 Bg5 14. Rad1 Bxe3 15.
Qxe3 Qc7 16. Bc2 Rd8 17. Rd2 Nf8 18. Ne2 Ne6 19. Rfd1 c5 20. Kh2 Nd4 21. f4 Bb7
22. f5 Kh8 23. g4 f6 24. h4 Rg8 25. Ng3 g6 26. Rg1 Qa5 27. Bd1 g5 28. Nh5 Qd8
29. Rg3 Qe7 30. Rh3 Bc6 31. Kh1 Raf8 32. Rdh2 Rf7 33. Kg1 Be8 34. Kf2 gxh4 35.
Rxh4 Rg5 36. Ke1 Kg8 37. Ng3 Rfg7 38. Kd2 a5 39. Qc3 Qd8 1/2-1/2

[Event "Gibraltar Masters"]
[Site "Caleta ENG"]
[Date "2011.01.27"]
[Round "3.86"]
[White "Kuehnast, Volker"]
[Black "Daoudi, Kamal"]
[Result "0-1"]
[WhiteElo "1899"]
[BlackElo "2155"]
[WhiteFideId "24653756"]
[BlackFideId "9001069"]
[EventDate "2011.01.25"]
[EventType "swiss"]

1. e4 e5 2. Nc3 Nf6 3. Bc4 Bc5 4. d3 Nc6 5. Nf3 d6 6. Bg5 h6 7. Bxf6 Qxf6 8. Nd5
Qg6 9. Qe2 Bg4 10. c3 Bb6 11. Ne3 Be6 12. Bb3 O-O 13. O-O-O a5 14. h3 Bxb3 15.
axb3 a4 16. bxa4 Rxa4 17. Nh4 Qe6 18. Nd5 Ne7 19. Nxe7+ Qxe7 20. Qg4 Bxf2 21.
Nf5 Qg5+ 22. Qxg5 hxg5 23. Kc2 g6 24. Ne7+ Kg7 25. Kb3 Raa8 26. Rhf1 Ba7 27. Nd5
c6 28. Nb4 f5 29. Ra1 f4 30. Nc2 Bb6 31. Ra4 Rxa4 32. Kxa4 d5 33. exd5 cxd5 34.
Nb4 Rd8 35. Re1 Be3 36. Nc2 d4 37. c4 e4 38. dxe4 d3 39. Nb4 d2 40. Rd1 Rd4 41.
Kb3 Rxe4 42. Na2 f3 43. Nc3 Rh4 44. gxf3 Rxh3 45. Rf1 Bd4 46. Kc2 Bxc3 47. bxc3
Rh2 48. Rg1 Kf6 49. Rg4 Rf2 50. Rd4 Rxf3 51. Kxd2 Rf4 52. Rd7 Rxc4 53. Rxb7 Rc8
54. Kd3 g4 55. Rb5 g5 56. c4 Kg6 57. c5 Kh5 58. Ke3 Rf8 59. c6 g3 60. Rb2 Kg4
61. c7 Re8+ 62. Kd4 Rc8 63. Rc2 Kh3 64. Rc5 g2 65. Rxg5 Kh2 66. Rh5+ Kg3 67.
Rg5+ Kf3 68. Rg7 Rxc7 69. Rxc7 g1=Q+ 70. Kd5 Qg5+ 71. Kc6 Ke4 72. Kb6 Kd4 73.
Rd7+ Kc4 74. Rd1 Qc5+ 75. Kb7 Qe7+ 76. Kb6 Qf6+ 77. Kc7 Qf4+ 78. Kb6 Qe3+ 79.
Kc7 Qa7+ 80. Kd6 Qc5+ 81. Ke6 Qe3+ 82. Kd6 Qf4+ 83. Ke7 Kc5 84. Re1 Qh4+ 0-1